| 000 | 00664nam a2200229 a 4500 | ||
|---|---|---|---|
| 001 | 50199 | ||
| 003 | BD-RjUL | ||
| 005 | 20211209075455.0 | ||
| 008 | 160824s1962 enk b 001 0 eng d | ||
| 035 | _a(BD-RjUL)50319 | ||
| 040 |
_aAUM _cAUM _dEQO _dBD-RjUL _beng |
||
| 041 | _aeng | ||
| 082 |
_223 _a370.954 _bMIE 1962 |
||
| 100 | 1 |
_aMisra, Atmanand, _d1913- _9150479 |
|
| 245 | 1 | 0 |
_aEducational finance in India / _cAtmanand Misra. |
| 260 |
_aLondon : _bAsia Pub. House, _cc1962 |
||
| 300 |
_axvii, 616 p. : _bill. ; _c22 cm. |
||
| 500 | _aInclude index | ||
| 504 | _aBibliography: p. 585-602. | ||
| 650 | 0 |
_aEducation _zIndia _xFinance. _9150480 |
|
| 942 |
_2ddc _cBK |
||
| 999 |
_c50199 _d50199 |
||